|
|
|
|
| LEADER |
00000nam0a2200000 4500 |
| 001 |
301742 |
| 005 |
20231102001430.0 |
| 020 |
|
|
|a RU
|b 83-15042
|
| 035 |
|
|
|a (RuTPU)RU\TPU\book\326918
|
| 090 |
|
|
|a 301742
|
| 100 |
|
|
|a 20150813d1983 km y0rusy5003 ca
|
| 101 |
0 |
|
|a rus
|
| 102 |
|
|
|a RU
|
| 105 |
|
|
|a a z 001zy
|
| 200 |
1 |
|
|a Преподавание специальной технологии электромонтерам по обслуживанию и ремонту электрооборудования
|e методическое пособие
|f А. И. Коварский, В. А. Семенов
|
| 210 |
|
|
|a Москва
|c Высшая школа
|d 1983
|
| 215 |
|
|
|a 128 с.
|c ил.
|
| 225 |
1 |
|
|a Профтехобразование. Энергетика
|
| 320 |
|
|
|a Библиогр.: с. 127
|
| 606 |
1 |
|
|a Электрооборудование
|x Ремонт
|2 stltpush
|3 (RuTPU)RU\TPU\subj\20603
|9 45697
|
| 610 |
1 |
|
|a изучение
|
| 610 |
1 |
|
|a преподавание
|
| 610 |
1 |
|
|a преподаватели
|
| 610 |
1 |
|
|a подготовка
|
| 610 |
1 |
|
|a уроки
|
| 610 |
1 |
|
|a план
|
| 610 |
1 |
|
|a требования
|
| 610 |
1 |
|
|a задания
|
| 610 |
1 |
|
|a электромонтажные работы
|
| 610 |
1 |
|
|a безопасность труда
|
| 610 |
1 |
|
|a труд
|
| 675 |
|
|
|a 621.31.004
|v 4
|
| 700 |
|
1 |
|a Коварский
|b А. И.
|g Александр Ильич
|
| 701 |
|
1 |
|a Семенов
|b В. А.
|g Виталий Алексеевич
|
| 801 |
|
0 |
|a RU
|b RuMRKP
|c 19950704
|g psbo
|
| 801 |
|
1 |
|a RU
|b 63413507
|c 20150813
|
| 801 |
|
2 |
|a RU
|b 63413507
|c 20170808
|g RCR
|
| 942 |
|
|
|c BK
|